ABC de Física : (Record no. 208607)

MARC details
000 -CABECERA
campo de control de longitud fija 00798nam a2200241 a 4500
003 - IDENTIFICADOR DEL NÚMERO DE CONTROL
campo de control MX-MxUPN
005 - FECHA Y HORA DE LA ÚLTIMA TRANSACCIÓN
campo de control 20220617124624.0
008 - ELEMENTOS DE LONGITUD FIJA--INFORMACIÓN GENERAL
campo de control de longitud fija 220613s1990 mx a||||rb||| 000 0 spa d
020 ## - NÚMERO INTERNACIONAL NORMALIZADO PARA LIBROS
Número Internacional Estándar del Libro 9684203276
040 ## - FUENTE DE LA CATALOGACIÓN
Centro catalogador/agencia de origen MX-MxUPN
Lengua de catalogación spa
Centro/agencia transcriptor MX-MxUPN
041 0# - CÓDIGO DE IDIOMA
Código de lengua del texto/banda sonora o título independiente spa
050 14 - SIGNATURA TOPOGRÁFICA DE LA BIBLIOTECA DEL CONGRESO
Número de clasificación LB1648 M63
Número de documento/Ítem R52 1990
100 1# - ASIENTO PRINCIPAL--NOMBRE PERSONAL
Nombre de persona Rincón Arce, Álvaro
9 (RLIN) 44821
100 1# - ASIENTO PRINCIPAL--NOMBRE PERSONAL
Nombre de persona Rocha Léon, Alonso
9 (RLIN) 44823
245 10 - MENCIÓN DE TÍTULO
Título ABC de Física :
Resto del título tercer curso para las escuelas de educación secundaria : asignaturas
250 ## - MENCIÓN DE EDICIÓN
Mención de edición Octava edición.
260 ## - PUBLICACIÓN, DISTRIBUCIÓN, ETC.
Lugar de publicación, distribución, etc. México, D.F. :
Nombre del editor, distribuidor, etc. Herrero,
Fecha de publicación, distribución, etc. 1990.
300 ## - DESCRIPCIÓN FÍSICA
Extensión 150 páginas :
Otras características físicas ilustraciones.
504 ## - NOTA DE BIBLIOGRAFÍA, ETC.
Nota de bibliografía, etc. Incluye referencias bibliográficas.
650 #4 - ASIENTO SECUNDARIO DE MATERIA - TERMINO TEMATICO
Término de materia o nombre geográfico como elemento de entrada Física
Subdivisión general Estudio y enseñanza (Secundaria)
9 (RLIN) 8873
650 #4 - ASIENTO SECUNDARIO DE MATERIA - TERMINO TEMATICO
Término de materia o nombre geográfico como elemento de entrada Física
Subdivisión de forma Libros de texto
9 (RLIN) 44449
942 ## - ELEMENTOS DE PUNTO DE ACCESO ADICIONAL (KOHA)
Fuente del sistema de clasificación o colocación Library of Congress Classification
Tipo de ítem Koha Libro
Holdings
Estado de retiro Estado de pérdida Fuente del sistema de clasificación o colocación Estado dañado No para préstamo Código de colección Localización permanente Ubicación/localización actual Ubicación en estantería Fecha de adquisición Clasificación Código de barras Fecha visto por última vez Precio válido a partir de Tipo de ítem Koha Número de copia
    Library of Congress Classification   Disponible (Préstamo en sala) Libros de texto Bib. Gregorio Torres Quintero Bib. Gregorio Torres Quintero Colecciones especiales Planta alta 13/06/2022 LB1648 M63 R52 1990 129316 13/06/2022 13/06/2022 Libro  
    Library of Congress Classification   Disponible (Préstamo en sala) Libros de texto Bib. Gregorio Torres Quintero Bib. Gregorio Torres Quintero Colecciones especiales Planta alta 13/06/2022 LB1648 M63 R52 1990 129317 13/06/2022 13/06/2022 Libro Ej. 2